Koncepčný návrh mulčovača za pracovnú štrvorkolku

Guardado en:
Detalles Bibliográficos
Autor principal: Poničanová, Andrea (Autor)
Otros Autores: Vincze, Adam (Orientador)
Formato: Manuscrito Libro
Lenguaje:eslovaco
Publicado: 2021
Materias:
Acceso en línea:http://is.stuba.sk/zp/portal_zp.pl?podrobnosti=159835
Etiquetas: Agregar Etiqueta
Sin Etiquetas, Sea el primero en etiquetar este registro!

MARC

LEADER 00000ntm a22000003a 4500
001 stuzp85214
003 SK-STU
005 20210717210510.6
007 ta
008 150427s2015----xo-----f-mn---000-0-slo-d
040 |a STU  |b slo 
041 0 |a slo 
100 1 |a Poničanová, Andrea  |u 020030  |4 aut  |U SjF Strojnícka fakulta  |T SjF Ústav dopravnej techniky a konštruovania  |X 93295  |U J0030  |Y 806  |7 93295 
242 0 1 |a Conceptual design of a mulcher for a working quad bike  |y eng 
245 1 0 |a Koncepčný návrh mulčovača za pracovnú štrvorkolku 
260 |c 2021 
650 4 |a mulč  |2 slo 
650 4 |a štvorkolka  |2 slo 
650 4 |a mulčovač  |2 slo 
650 4 |a pevnostná kontrola  |2 slo 
650 4 |a mulcher  |2 eng 
650 4 |a mulch  |2 eng 
650 4 |a quad bike  |2 eng 
650 4 |a strength analysis  |2 eng 
700 1 |a Vincze, Adam  |u 020030  |k Z3  |4 ths  |U SjF Strojnícka fakulta  |T SjF Ústav dopravnej techniky a konštruovania  |X 76961  |U J0030  |Y 806  |7 76961 
856 4 |u http://is.stuba.sk/zp/portal_zp.pl?podrobnosti=159835